书目信息 |
| 题名: |
电话礼仪
|
|
| 作者: | 樱井弘 ;易友人 | |
| 分册: | ||
| 出版信息: | 北京 中国人民大学出版社 2005 |
|
| 页数: | 150 | |
| 开本: | 19cm | |
| 丛书名: | ||
| 单 册: | ||
| 中图分类: | F | |
| 科图分类: | ||
| 主题词: | 经济 | |
| 电子资源: | ||
| ISBN: | 7-300-05995-3 | |
| 000 | 00536nam0 2200193 450 | |
| 001 | 0754273534 | |
| 005 | 20071011150433.53 | |
| 010 | @a7-300-05995-3@d15 | |
| 100 | @a20071011d km y0chiy0120 ea | |
| 101 | 0 | @achi |
| 200 | 1 | @a电话礼仪@Adian hua li yi@f樱井弘@Fying jing hong@g易友人等@Gyi you ren deng |
| 210 | @a北京@c中国人民大学出版社@d2005 | |
| 215 | @a150@d19cm | |
| 606 | 0 | @a经济 |
| 690 | @aF@v3 | |
| 701 | 0 | @a樱井弘@Aying jing hong |
| 702 | 0 | @a易友人@Ayi you ren |
| 801 | 0 | @aCN@bPFT@c20071011 |
| 905 | @a213230@dF@eZW48@f1 | |
| 电话礼仪/樱井弘/易友人等.-北京:中国人民大学出版社,2005 |
| 150;19cm |
| ISBN 7-300-05995-3:15 |
| ● |
| 相关链接 |
|
|
|
|
正题名:电话礼仪
索取号:F/ZW48
 
预约/预借
| 序号 | 登录号 | 条形码 | 馆藏地/架位号 | 状态 | 备注 |
| 1 | 7618503 | 276185030 | 密集书库-文学院/ [索取号:F/ZW48] | 在馆 |